000 01311cad a22002535a 4500
001 E147302
008 090428s2009 xxk f s000 0 eng d
020 _a9780755980253
035 _a(Sirsi) u147302
041 0 _aeng
050 0 4 _a630.09411 $2 18
110 2 _aScotland
_bScottish Government
_95344
245 0 0 _aImplementation of the Common Agricultural Policy Health Check in Scotland
_ba consultation paper
_h[electronic resource]
260 _aEdinburgh
_bScottish Government
_c2009
505 2 _aForeword by Cabinet Secretary for Rural Affairs and the Environment -- Background -- The CAP Health Check proposals -- Summary of questions -- The consultation process -- Responding to this consultation
520 _aThe European Commission has proposed a Health Check of the 2003 reform of the Common Agricultural Policy. This consultation seeks views on the areas in the CAP Health Check where the Scottish Government has discretion over implementation.
521 _aAdvanced
590 _aKA
650 2 4 _aCOMMON AGRICULTURAL POLICY
651 4 _aScotland
_y1999-
690 _aENVIRONMENTAL AND LAND CONSULTANCY-AGRIBUSINESS-AGRICULTURE
856 4 0 _uhttps://www.scotland.gov.uk/Publications/2009/04/22113214/0
_zView the consultation free of charge at www.scotland.gov.uk...
942 _n0
999 _c109514
_d109514